Score 0/24 Timer 04:00
1 Play Today
% Correct
Harmonica
92.7%
Replica
92.6%
Erotica
91.4%
Britannica
90.3%
Africa
89.8%
Jamaica
89.6%
Monica
88.5%
Basilica
87.7%
Antarctica
87.4%
Metallica
87.4%
Silica
87%
Jessica
85.5%
% Correct
Costa Rica
81.5%
Arabica
80.6%
Danica
79.4%
Helvetica
78.6%
America
77.8%
Corsica
76.1%
Angelica
75.9%
Dominica
71.2%
Guernica
68.5%
Esoterica
63.5%
Eroica
56.4%
Attica
49.8%
Remove Ads.
Support Sporcle.
Get the best of Sporcle when you Go Orange. This ad-free experience offers more features, more stats, and more fun while also helping to support Sporcle. Thank you for becoming a member.

You're not logged in!

Compare scores with friends on all Sporcle quizzes.
OR
Log In

Show Comments

Extras

Top Quizzes Today


Score Distribution

Your Account Isn't Verified!

In order to create a playlist on Sporcle, you need to verify the email address you used during registration. Go to your Sporcle Settings to finish the process.

Report this User

Report this user for behavior that violates our Community Guidelines.

Details: